Random Geography Trivia #5 - Statistics

General Stats
  • This quiz has been taken 118 times
    63 since last reset
  • The average score is 9 of 10
Answer Stats
Question Answer % Correct
hat animal is the emblem of Canada? Beaver
98%
Sofia is the capital of what country? Bulgaria
98%
What country refers to themselves as ‘Kiwis’? New Zealand
98%
Where would you find Loch Ness? Scotland
95%
Which of these countries is NOT in Asia? Bosnia And Herzegovina
93%
Which country has the largest population? India
92%
What country is known as ‘The Emerald Isle’? Ireland
89%
Patagonia is part of what two countries? Chile And Argentina
87%
What country has the longest coastline? Canada
77%
Which country is known as the Hexagon? France
39%
No matching quizzes found
Score Distribution
Percent of People with Each Score
Percentile by Number Answered
Your Score History
You have not taken this quiz since the last reset